| 000 | 00614nam a2200253 a 4500 | ||
|---|---|---|---|
| 003 | AR-BaBNM | ||
| 005 | 20251128204438.0 | ||
| 008 | 082120s2002 ||||||||||||||000 | spa|| | ||
| 020 | _a950-13-9077-2 | ||
| 040 | _cAR-BaBNM | ||
| 100 | 1 | _aSekiye, Kiyo | |
| 245 | 0 | 0 | _aFlores de papel |
| 260 |
_aBuenos Aires _bKapelusz _c1976 |
||
| 300 |
_a1 v. _bil., láms. |
||
| 490 | 0 | _aCómo hacer | |
| 650 | 4 | _aARTESANIAS | |
| 650 | 4 | _aEDUCACION ARTISTICA | |
| 650 | 4 | _aPAPEL | |
| 650 | 4 | _aFLORA | |
| 653 | _aMANUALIDADES | ||
| 700 | 1 |
_aIshiy de Tsuji, Ofelia Sanae _etraductor |
|
| 942 | _cBK | ||
| 998 | _cEnrique | ||
| 999 |
_c7454 _d7454 |
||